000 01045nam a2200241 a 4500
001 46895
003 BD-RjUL
005 20211209054227.0
008 160806s1978 bg ||||| |||| 00| 0 ben d
035 _a(BD-RjUL)47014
040 _aBD-RjUL
_bben
_cBD-RjUL
_dBD-RjUL
041 _aben
082 _223
_a320.95492092
_bMAO 1978
245 0 0 _aমওলানা ভাসানী :
_b রাজনৈতিক জীবন ও সংগ্রাম /
_cসম্পাদনা, শাহরিয়ার কবির
260 _aঢাকা :
_bনওরোজ কিতাবিস্তান,
_c১৯৭৮
300 _axvi, ১৭৫ পৃ. ;
_c১৯ সেমি.
600 _aভাসানী, মওলানা
_9142849
600 _aBhashani, Maolana
_9142850
650 _aরাজনীতিবিদ
_9142851
_zবাংলাদেশ
_vজীবনী
650 _aPolitician
_9142853
_zBangladesh
_vBiography
700 _aকবির, শাহরিয়ার সম্পাদনা
_9142854
942 _2ddc
_cBK
999 _c46895
_d46895